| 000 | 00550nam a22002057a 4500 | ||
|---|---|---|---|
| 003 | OSt | ||
| 005 | 20150601162955.0 | ||
| 008 | 150601b xxu||||| |||| 00| 0 eng d | ||
| 020 | _a0826454429 | ||
| 040 | _c04 | ||
| 082 | _a150 CHI 1997 | ||
| 100 |
_aChild Dennis _95117 |
||
| 245 |
_aPsychology and the Teacher / _cDennis Child |
||
| 250 | _a6th ed. | ||
| 260 |
_aLondon: _bContinuum; _c1997. |
||
| 300 |
_axviii, 473 p : _bill _c27 cm. |
||
| 504 | _aIncludes bibliographical references and index. | ||
| 650 |
_aPsychology _931 |
||
| 942 |
_2z _cSLOAN |
||
| 999 |
_c1946 _d1946 |
||